| 000 | 00906nam a22001817a 4500 | ||
|---|---|---|---|
| 008 | 110915s1986 ua||||| |||| 00| 0 ara d | ||
| 082 |
_222 _a306.0962 _bع ي س |
||
| 100 | 1 |
_921033 _aعيسى ، صلاح |
|
| 245 |
_aمثقفون وعسكر : _bمراجعات وتجارب وشهادات عن حالة المثقفين فى ظل حكم عبد الناصر والسادات / _cصلاح عيسى |
||
| 260 |
_aالقاهرة : _bمكتبة مدبولى ، _c1986. |
||
| 300 |
_a756 ص ؛ _c24 سم. |
||
| 650 | 0 |
_915402 _aالمثقفون المصريون |
|
| 650 | 0 |
_927211 _aمصر _xالحياة الفكرية |
|
| 650 |
_927212 _aمصر _xالاحوال السياسية _yالعصر الحديث |
||
| 653 |
_bGeneral _cSeptember2011 |
||
| 942 |
_2ddc _cBB |
||
| 999 |
_c16041 _d16041 |
||